Lonely planet : (Record no. 5539)

MARC details
000 -LEADER
fixed length control field 01156nam a22002537a 4500
001 - CONTROL NUMBER
control field 5539
003 - CONTROL NUMBER IDENTIFIER
control field FISKH
005 - DATE AND TIME OF LATEST TRANSACTION
control field 20241218104004.0
008 - FIXED-LENGTH DATA ELEMENTS--GENERAL INFORMATION
fixed length control field 241217b cb ||||| |||| 00| 0 eng d
020 ## - INTERNATIONAL STANDARD BOOK NUMBER
International Standard Book Number 9781741794694
040 ## - CATALOGING SOURCE
Original cataloging agency FISKH
Language of cataloging eng
Transcribing agency FISKH
Modifying agency FISKH
050 ## - LIBRARY OF CONGRESS CALL NUMBER
Classification number DS527.3
082 ## - DEWEY DECIMAL CLASSIFICATION NUMBER
Classification number 915.910453
100 ## - MAIN ENTRY--PERSONAL NAME
Personal name Allen, John
245 ## - TITLE STATEMENT
Title Lonely planet :
Remainder of title Myanmar /
Statement of responsibility, etc. This edition is written and research by John Allen, Allen John Smith, Jamie Smith
260 ## - PUBLICATION, DISTRIBUTION, ETC.
Place of publication, distribution, etc. Victoria :
Name of publisher, distributor, etc. Lonely Planet :
Date of publication, distribution, etc. 2014.
300 ## - PHYSICAL DESCRIPTION
Extent 407 pages :
Other physical details color illustrations ;
Dimensions 21 cm
520 ## - SUMMARY, ETC.
Summary, etc. Lonely Planet Myanmar (Burma) is your passport to the most relevant, up-to-date advice on what to see and skip, and what hidden discoveries await you. Be dazzled by Buddhist architecture in Yangon, explore Bagan's amazing plain of ancient temples, or hike to the floating gardens and markets of Inle Lake; all with your trusted travel companion. Get to the heart of Myanmar and begin your journey now!
650 ## - SUBJECT ADDED ENTRY--TOPICAL TERM
Topical term or geographic name entry element Guidebook
Form subdivision Burma
General subdivision Asia
700 ## - ADDED ENTRY--PERSONAL NAME
Personal name Smith, Allen John
Relator term Author
700 ## - ADDED ENTRY--PERSONAL NAME
Personal name Smith, Jamie
Relator term Author
942 ## - ADDED ENTRY ELEMENTS (KOHA)
Source of classification or shelving scheme Dewey Decimal Classification
Koha item type Books
Suppress in OPAC No
Holdings
Withdrawn status Lost status Source of classification or shelving scheme Damaged status Not for loan Collection Home library Current library Shelving location Date acquired Total Checkouts Full call number Barcode Date last seen Date last checked out Price effective from Koha item type
    Dewey Decimal Classification     Non-Fiction Footprints International School Library Network Toul Kork Campus Footprints International School Library Network Toul Kork Campus TTP Secondary Non-Fiction Bookshelves 12/17/2024 1 ALL 915.910453 DS527.3 2024-2465 11/10/2025 09/30/2025 12/17/2024 Books